Save the earth

Bibliographic Details
Main Author: Porritt, Jonathan
Format: Book
Published: London : Dorling Kindersley , 1992
Subjects:

MARC

LEADER 00000cam a2200000 7i4500
001 0000004675
002 000005043
005 20000330.0
020 |a 0863186424 
090 0 0 |a 333.72   |b POR 
100 1 |a Porritt, Jonathan 
245 1 0 |a Save the earth   |c by Jonathan Porritt 
260 |a London :   |b Dorling Kindersley ,   |c 1992 
300 |a 208p. :   |b ill.29cm 
650 0 0 |a Earth sciences 
650 0 0 |a Environmental protection   |x Activity programs 
999 |a 032712   |b BUKU   |c PINJAMAN   |e PERPUSTAKAAN KOMUNITI PETALING JAYA